[Event "Weekend A Epifania"]
[Site "Torino ITA"]
[Date "2005.01.??"]
[Round "6"]
[White "Raviola, Giuseppe"]
[Black "Venturino, Marco"]
[Result "1-0"]
[WhiteElo "2097"]
[BlackElo "2174"]
[PlyCount "113"]
[EventDate "2005.01.05"]

1. d4 f5 2. c4 Nf6 3. Nc3 g6 4. g3 Bg7 5. Bg2 O-O 6. Nf3 d6 7. O-O Qe8 8. d5
Na6 9. Re1 Nc5 10. Nd4 Qf7 11. Ncb5 e5 12. dxe6 Nxe6 13. Nxe6 Bxe6 14. Bxb7
Rab8 15. Bg2 Bxc4 16. Nxa7 Bxa2 17. Qa4 Bd5 18. Bxd5 Qxd5 19. Nc6 Rbe8 20. Nb4
Qb7 21. Bd2 Ne4 22. Be3 Kh8 23. Nd3 Ra8 24. Qc2 c5 25. f3 Nf6 26. Nf4 Rfe8 27.
Bf2 Qf7 28. Rxa8 Rxa8 29. Rd1 Ne8 30. b3 Be5 31. Nd5 Nc7 32. Nb6 Ra1 33. f4 Bf6
34. Rxa1 Bxa1 35. Qd1 Bg7 36. Qxd6 Bf8 37. Qe5+ Qg7 38. Qxg7+ Kxg7 39. Nd7 Ne6
40. Nxf8 Kxf8 41. Kg2 Ke7 42. Kf3 Kd6 43. e4 Kc6 44. exf5 gxf5 45. g4 fxg4+ 46.
Kxg4 Kd5 47. f5 Nf8 48. Kg5 Nd7 49. h4 Ke5 50. h5 h6+ 51. Kg6 Nf8+ 52. Kxh6
Kxf5 53. Bxc5 Ne6 54. b4 Kg4 55. Be3 Nc7 56. Kg6 Nd5 57. h6 1-0

[Event "Weekend A Epifania"]
[Site "Torino ITA"]
[Date "2005.01.??"]
[Round "6"]
[White "Sorcinelli, Francesco"]
[Black "Diana, Riccardo"]
[Result "1/2-1/2"]
[WhiteElo "2080"]
[BlackElo "2102"]
[PlyCount "115"]
[EventDate "2005.01.05"]

1. e4 e5 2. f4 exf4 3. Bc4 Nf6 4. Nc3 c6 5. d4 d5 6. exd5 cxd5 7. Bb5+ Nc6 8.
Nge2 f3 9. gxf3 Bd6 10. Bg5 Be6 11. Qd2 h6 12. Be3 Qc7 13. O-O-O O-O-O 14. h4
Nh5 15. Ba4 a6 16. Bb3 Ne7 17. Kb1 Kb8 18. Rhg1 Ka8 19. Rde1 Rhe8 20. Bf2 Bb4
21. Nb5 Qa5 22. c3 Qxb5 23. cxb4 Bf5+ 24. Ka1 Nc6 25. a3 Na5 26. Ba2 Nc4 27.
Qd1 Qc6 28. Nc3 Rxe1 29. Rxe1 Nf4 30. Bxc4 Qxc4 31. Re5 Be6 32. Bg3 Nd3 33. Re3
Bf5 34. Na4 Qxd4 35. Bf2 Nxb4 36. Qxd4 Nc2+ 37. Ka2 Nxd4 38. Re7 Nc6 39. Rxf7
Be6 40. Rxg7 d4+ 41. Kb1 Rf8 42. Rg3 Rg8 43. Rxg8+ Bxg8 44. Kc2 Bh7+ 45. Kd2
Bg6 46. Nc5 Ne5 47. f4 Nc4+ 48. Kc1 d3 49. Be1 Ka7 50. Bd2 b5 51. Nd7 Bf5 52.
Nf6 Nd6 53. h5 Ne4 54. Nxe4 Bxe4 55. f5 Bxf5 56. Bxh6 Kb7 57. Be3 Kc6 58. h6
1/2-1/2

[Event "Weekend A Epifania"]
[Site "Torino ITA"]
[Date "2005.01.??"]
[Round "7"]
[White "Astengo, Marcello"]
[Black "Ranieri, Fabrizio"]
[Result "0-1"]
[WhiteElo "2074"]
[BlackElo "2211"]
[PlyCount "64"]
[EventDate "2005.01.05"]

1. d4 e6 2. c4 d5 3. Nc3 Nf6 4. cxd5 exd5 5. Bg5 Be7 6. e3 O-O 7. Qc2 Nbd7 8.
Bd3 Re8 9. Nge2 Nf8 10. O-O c6 11. Rad1 Nh5 12. Bxe7 Qxe7 13. Rb1 Qh4 14. Kh1
Re6 15. g3 Qg4 16. Ng1 Rh6 17. Be2 Qg5 18. Nf3 Qf6 19. Ne5 Bf5 20. e4 dxe4 21.
Nxe4 Qe7 22. Rbe1 Ne6 23. Bxh5 Rxh5 24. Qd1 Rh6 25. Rg1 Rd8 26. Nf3 Bg4 27. Qb3
Bxf3+ 28. Qxf3 Nxd4 29. Qc3 Qe5 30. f3 Qh5 31. Rg2 Nxf3 32. Nf6+ gxf6 0-1

[Event "Weekend A Epifania"]
[Site "Torino ITA"]
[Date "2005.01.??"]
[Round "7"]
[White "Diana, Riccardo"]
[Black "Raviola, Giuseppe"]
[Result "0-1"]
[WhiteElo "2102"]
[BlackElo "2097"]
[PlyCount "152"]
[EventDate "2005.01.05"]

1. c4 Nf6 2. Nc3 c5 3. g3 Nc6 4. Bg2 e6 5. e4 d6 6. Nge2 Be7 7. O-O e5 8. h3 a6
9. d3 h6 10. Nd5 Nxd5 11. cxd5 Nd4 12. Nxd4 cxd4 13. f4 O-O 14. Qh5 Bf6 15. Bd2
Bd7 16. Rf2 Bb5 17. Bf1 Rc8 18. Rc1 Qe7 19. Kg2 Rxc1 20. Bxc1 Rc8 21. fxe5 dxe5
22. Bxh6 Bd7 23. Bd2 Rc2 24. Be1 Rc1 25. Qe2 Bg5 26. Bd2 Rc8 27. Bxg5 Qxg5 28.
Qd2 Qxd2 29. Rxd2 Kf8 30. g4 Ke7 31. Be2 Kf6 32. Bd1 Rc1 33. Kg3 g5 34. Kf2 Ke7
35. Ke1 Ra1 36. b3 Kd6 37. Rc2 Bb5 38. Rd2 a5 39. Ke2 Rc1 40. a4 Ba6 41. Ke1
Rc8 42. Kf2 Rc3 43. Ke2 Kc5 44. Bc2 f6 45. Kd1 Kd6 46. Kc1 Rc8 47. Kb2 Rh8 48.
Rh2 b6 49. Ka3 Rc8 50. Kb2 Rh8 51. Ka3 Kc5 52. Rf2 Rh6 53. Rf3 Bb7 54. Bd1 Kd6
55. Be2 Ke7 56. Kb2 Rh8 57. Bd1 Rc8 58. Bc2 Ba6 59. Rf2 b5 60. axb5 Bxb5 61.
Ka2 Rb8 62. Ka3 Bd7 63. Bd1 Rc8 64. Rc2 Rh8 65. Rh2 Kd6 66. Kb2 Bc8 67. Ka3 Ba6
68. Bc2 Kc5 69. Rf2 Rxh3 70. Rxf6 Bxd3 71. Rc6+ Kb5 72. Bxd3+ Rxd3 73. Rc4 Rf3
74. d6 Rf8 75. d7 Rd8 76. b4 Kxc4 0-1

[Event "Weekend A Epifania"]
[Site "Torino ITA"]
[Date "2005.01.??"]
[Round "7"]
[White "Faraoni, Enrico"]
[Black "Rotundo, Raffaele"]
[Result "1-0"]
[WhiteElo "2134"]
[BlackElo "2112"]
[PlyCount "103"]
[EventDate "2005.01.05"]

1. e4 c6 2. d4 d5 3. f3 e6 4. Nc3 Bb4 5. Be3 Nd7 6. Nh3 dxe4 7. a3 Bxc3+ 8.
bxc3 Ngf6 9. fxe4 Nxe4 10. Bd3 Ndf6 11. O-O h6 12. c4 Qa5 13. Qf3 Nd6 14. Qg3
Nf5 15. Bxf5 Nh5 16. Qd6 exf5 17. Rae1 Be6 18. d5 Rd8 19. Qe5 O-O 20. g4 fxg4
21. Qxh5 gxh3 22. Bd4 Qd2 23. Bf2 cxd5 24. Re3 dxc4 25. Rg3 Rd5 26. Qf3 Rg5 27.
Bxa7 Bd5 28. Qf2 Qxf2+ 29. Kxf2 Rxg3 30. Kxg3 Be6 31. Rb1 Bd5 32. Kxh3 Re8 33.
Bd4 Re2 34. c3 f5 35. Rb5 Be4 36. Rc5 Ra2 37. Rxc4 Rxa3 38. Rc7 g5 39. Rg7+ Kf8
40. Rg6 Ra2 41. Re6 Rd2 42. Kg3 Rg2+ 43. Kh3 g4+ 44. Kh4 Rxh2+ 45. Kg3 Rg2+ 46.
Kf4 h5 47. Ke5 Bd3 48. Kf6 Kg8 49. Re8+ Kh7 50. Re7+ Kg8 51. Re8+ Kh7 52. Kg5
1-0

[Event "Weekend A Epifania"]
[Site "Torino ITA"]
[Date "2005.01.??"]
[Round "7"]
[White "Fassio, Luca"]
[Black "Sorcinelli, Francesco"]
[Result "1-0"]
[WhiteElo "2077"]
[BlackElo "2080"]
[PlyCount "75"]
[EventDate "2005.01.05"]

1. e4 c5 2. c3 e6 3. d4 d5 4. exd5 exd5 5. Nf3 Nc6 6. Be3 c4 7. b3 cxb3 8. axb3
Nf6 9. Bd3 Bg4 10. Nbd2 Bd6 11. O-O O-O 12. Bg5 h6 13. Bh4 g5 14. Bg3 Nh5 15.
Qc2 Rc8 16. Be5 Bxe5 17. Nxe5 Nxd4 18. Qb2 Ne2+ 19. Kh1 Nef4 20. Nxg4 Nxd3 21.
Nxh6+ Kh7 22. Qc2 Kxh6 23. Qxd3 Nf4 24. Qf3 a6 25. Rfe1 Qf6 26. c4 dxc4 27.
Nxc4 Qc6 28. Qg3 f6 29. h4 Rh8 30. Kg1 Rcg8 31. Ne3 Kh5 32. Qg4+ Kg6 33. hxg5
fxg5 34. Nf5 Qf6 35. Ne7+ Kf7 36. Nxg8 Rxg8 37. Rad1 b5 38. Qd7+ 1-0

[Event "III Open Hotel Petra FIDE"]
[Site "Roma ITA"]
[Date "2005.03.14"]
[Round "1"]
[White "Barletta, Antonio"]
[Black "De Carolis, Maurizio"]
[Result "1-0"]
[WhiteElo "2081"]
[BlackElo "1868"]
[PlyCount "53"]
[EventDate "2005.03.14"]

1. e4 d6 2. d4 Nf6 3. Nc3 c6 4. a4 a5 5. Be2 Qb6 6. Nf3 Bg4 7. O-O Nbd7 8. Re1
e5 9. dxe5 dxe5 10. Nh4 Be6 11. Nf5 Bxf5 12. exf5 Bc5 13. Rf1 Rd8 14. Bc4 O-O
15. Qe2 Rfe8 16. g4 Nf8 17. g5 Nd5 18. Qf3 Nf4 19. Bxf4 exf4 20. Bb3 Qb4 21.
Rae1 Rxe1 22. Rxe1 Bb6 23. Re4 Rd4 24. Re8 Qc5 25. Qg4 Rd2 26. Ne4 Qd4 27. Nf6+
1-0

[Event "III Open Hotel Petra FIDE"]
[Site "Roma ITA"]
[Date "2005.03.14"]
[Round "1"]
[White "Colombrini, Adolfo"]
[Black "Tocco, Paolo"]
[Result "0-1"]
[WhiteElo "1997"]
[BlackElo "2140"]
[PlyCount "72"]
[EventDate "2005.03.14"]

1. e4 e5 2. Nf3 Nc6 3. Bc4 f5 4. d3 f4 5. d4 Qf6 6. Nxe5 Nxe5 7. dxe5 Qxe5 8.
Qd5 Qxd5 9. exd5 Bd6 10. O-O Ne7 11. Re1 O-O 12. Nc3 Kh8 13. Ne4 Be5 14. Nc5
Ng6 15. Nd3 Bd6 16. Bd2 c6 17. Bb4 Bxb4 18. Nxb4 b5 19. Bd3 c5 20. Bxg6 hxg6
21. Nd3 d6 22. b3 g5 23. Re7 Bf5 24. Rae1 c4 25. bxc4 bxc4 26. Nb2 c3 27. Nc4
Bxc2 28. Nxd6 Bg6 29. Nb5 c2 30. Nd4 Rfd8 31. Rc7 Rac8 32. d6 Rxc7 33. dxc7 Rc8
34. f3 Rxc7 35. Rc1 Rd7 36. Nb3 a5 0-1

[Event "III Open Hotel Petra FIDE"]
[Site "Roma ITA"]
[Date "2005.03.14"]
[Round "1"]
[White "Marta, Daniele"]
[Black "Ramondino, Renzo"]
[Result "0-1"]
[WhiteElo "2045"]
[BlackElo "2220"]
[PlyCount "58"]
[EventDate "2005.03.14"]

1. d4 Nf6 2. Nf3 g6 3. c4 Bg7 4. Nc3 O-O 5. e4 d6 6. Be2 e5 7. d5 a5 8. Bg5 h6
9. Bh4 Na6 10. Nd2 Qe8 11. O-O Bd7 12. b3 Nh7 13. f3 f5 14. Bf2 f4 15. a3 g5
16. b4 b6 17. c5 bxc5 18. Bxa6 Rxa6 19. bxc5 Qg6 20. Qe2 Raa8 21. Nb5 g4 22.
Kh1 g3 23. Bg1 dxc5 24. Nxc7 Rac8 25. Ne6 Bxe6 26. dxe6 gxh2 27. Bf2 Nf6 28.
Rfc1 Nh5 29. Nf1 Qxe6 0-1

[Event "III Open Hotel Petra FIDE"]
[Site "Roma ITA"]
[Date "2005.03.14"]
[Round "1"]
[White "Marzano, Carlo"]
[Black "Renzi, Marco"]
[Result "1-0"]
[WhiteElo "2198"]
[BlackElo "2009"]
[PlyCount "33"]
[EventDate "2005.03.14"]

1. d4 d5 2. Nf3 Nf6 3. Bg5 Qd6 4. e3 Qb4+ 5. Nbd2 Qxb2 6. Bd3 c5 7. dxc5 Nc6 8.
O-O e5 9. Rb1 Qxa2 10. Bb5 Bg4 11. Qc1 Bf5 12. Nxe5 Rc8 13. Ra1 Qxc2 14. Qxc2
Bxc2 15. Rxa7 Nd7 16. Bxc6 Rxc6 17. Ra8+ 1-0

[Event "III Open Hotel Petra FIDE"]
[Site "Roma ITA"]
[Date "2005.03.14"]
[Round "1"]
[White "Rossi, Aldo A."]
[Black "Vannelli, Vittorio"]
[Result "1-0"]
[WhiteElo "2127"]
[BlackElo "1954"]
[PlyCount "83"]
[EventDate "2005.03.14"]

1. d4 Nf6 2. Nf3 d6 3. Bf4 Nbd7 4. h3 g6 5. e3 Bg7 6. Be2 O-O 7. O-O Qe8 8. c4
e5 9. Bh2 exd4 10. exd4 Ne4 11. Nc3 f5 12. Re1 Ndf6 13. Bd3 Qc6 14. Qb3 Qb6 15.
Bxe4 fxe4 16. Qxb6 axb6 17. Ng5 Nh5 18. Rad1 Nf4 19. Rxe4 h6 20. Bxf4 hxg5 21.
Bxg5 Ra5 22. Be7 Rf7 23. g4 Bd7 24. a3 Ba4 25. Nxa4 Rxa4 26. b3 Rxa3 27. Re3
Ra2 28. Bh4 Bh6 29. Re8+ Kh7 30. g5 Bg7 31. Bg3 Rf3 32. Rc8 Rxb3 33. Rxc7 Rbb2
34. Rxb7 Rc2 35. Rxb6 Rxc4 36. Rxd6 Ra5 37. h4 Bf8 38. Rd7+ Kg8 39. Rb1 Rf5 40.
Rbb7 Rc1+ 41. Kg2 Rd1 42. Rb6 1-0

[Event "III Open Hotel Petra FIDE"]
[Site "Roma ITA"]
[Date "2005.03.15"]
[Round "2"]
[White "De Carolis, Maurizio"]
[Black "Colombrini, Adolfo"]
[Result "1/2-1/2"]
[WhiteElo "1868"]
[BlackElo "1997"]
[PlyCount "87"]
[EventDate "2005.03.14"]

1. d4 Nf6 2. Nf3 g6 3. Bf4 d6 4. e3 Bg7 5. Bd3 O-O 6. Nbd2 Nh5 7. Bg5 h6 8. Bh4
Bg4 9. h3 Bxf3 10. Qxf3 c6 11. g4 Nf6 12. g5 hxg5 13. Bxg5 Nbd7 14. Ne4 Nxe4
15. Qxe4 Qa5+ 16. c3 Qxg5 17. O-O-O d5 18. Qf3 e5 19. h4 Qf6 20. Qg3 e4 21. Be2
Qe7 22. h5 g5 23. h6 Bf6 24. Qh3 Rfd8 25. Rdf1 Nf8 26. f4 exf3 27. Qxf3 Rd6 28.
Bd3 Re8 29. Kd2 Re6 30. h7+ Kh8 31. Rh6 Bg7 32. Rxe6 Qxe6 33. Qxf7 Qxf7 34.
Rxf7 Rb8 35. Rf1 b5 36. e4 b4 37. Kc2 bxc3 38. bxc3 Re8 39. exd5 cxd5 40. Rf5
Nxh7 41. Rxd5 Kg8 42. Bxh7+ Kxh7 43. Rxg5 Rc8 44. Kb3 1/2-1/2

[Event "III Open Hotel Petra FIDE"]
[Site "Roma ITA"]
[Date "2005.03.15"]
[Round "2"]
[White "Ramondino, Renzo"]
[Black "Rossi, Aldo A."]
[Result "1-0"]
[WhiteElo "2220"]
[BlackElo "2127"]
[PlyCount "61"]
[EventDate "2005.03.14"]

1. e4 e6 2. d4 d5 3. e5 c5 4. c3 Nc6 5. Nf3 Bd7 6. a3 f6 7. Bd3 fxe5 8. Nxe5
Nxe5 9. dxe5 Qh4 10. O-O Nh6 11. Nd2 O-O-O 12. Nf3 Qh5 13. Bg5 Re8 14. c4 Bc6
15. cxd5 exd5 16. Bf4 Be7 17. b4 Rhf8 18. Bg3 Nf5 19. bxc5 Nxg3 20. hxg3 Bxc5
21. Rc1 b6 22. Qb3 Re6 23. Rxc5 bxc5 24. Rb1 Kc7 25. Qc3 Kd7 26. Qxc5 Rc8 27.
Nd4 g6 28. Nxe6 Kxe6 29. Qd6+ Kf7 30. Qf6+ Kg8 31. Qe6+ 1-0

[Event "III Open Hotel Petra FIDE"]
[Site "Roma ITA"]
[Date "2005.03.15"]
[Round "2"]
[White "Renzi, Marco"]
[Black "Luzi, Alessandro"]
[Result "1-0"]
[WhiteElo "2009"]
[BlackElo "1948"]
[PlyCount "63"]
[EventDate "2005.03.14"]

1. e4 e5 2. Bc4 Nf6 3. Nc3 Bc5 4. d3 d6 5. Be3 Bxe3 6. fxe3 Be6 7. Bb3 Bxb3 8.
axb3 O-O 9. Nf3 Nbd7 10. O-O c6 11. Qe1 Qb6 12. h3 d5 13. exd5 Nxd5 14. Nxd5
cxd5 15. Qf2 f6 16. Rae1 Rac8 17. Nh4 Qe6 18. Nf5 Rc6 19. e4 d4 20. Re2 Rfc8
21. Rc1 Nc5 22. Ra1 a6 23. Qf3 Nd7 24. c4 dxc3 25. bxc3 Rxc3 26. Qg4 Rc1+ 27.
Rxc1 Rxc1+ 28. Kh2 Kf8 29. Qxg7+ Ke8 30. Qh8+ Kf7 31. Qxh7+ Kf8 32. Qh6+ 1-0

[Event "III Open Hotel Petra FIDE"]
[Site "Roma ITA"]
[Date "2005.03.15"]
[Round "2"]
[White "Tocco, Paolo"]
[Black "Marzano, Carlo"]
[Result "0-1"]
[WhiteElo "2140"]
[BlackElo "2198"]
[PlyCount "74"]
[EventDate "2005.03.14"]

1. d4 Nc6 2. d5 Ne5 3. e4 Ng6 4. f4 e5 5. dxe6 dxe6 6. Qxd8+ Kxd8 7. Be3 Nf6 8.
Nc3 Ng4 9. Bd2 Bc5 10. Nh3 Ne3 11. Bxe3 Bxe3 12. g3 Bd7 13. Rd1 Ke7 14. Bg2 Bc6
15. Ke2 Bc5 16. a3 a5 17. Bf3 Rad8 18. Nf2 Rd4 19. Nd3 Bb6 20. f5 Nf8 21. Ne5
Be8 22. Bg2 f6 23. Nf3 Rxd1 24. Rxd1 c6 25. b4 axb4 26. axb4 Bf7 27. Na4 Ba7
28. Nc5 Bxc5 29. bxc5 Nd7 30. fxe6 Bxe6 31. Nd4 Nxc5 32. Rb1 Ra8 33. Kd2 Ra4
34. Ke3 Ra3+ 35. Kd2 Ra4 36. Ke3 Bc8 37. Ne2 g6 0-1

[Event "III Open Hotel Petra FIDE"]
[Site "Roma ITA"]
[Date "2005.03.15"]
[Round "2"]
[White "Trebeschi, Andrea"]
[Black "Barletta, Antonio"]
[Result "1-0"]
[WhiteElo "2102"]
[BlackElo "2081"]
[PlyCount "81"]
[EventDate "2005.03.14"]

1. e4 e5 2. Nf3 Nc6 3. Bb5 a6 4. Ba4 Nf6 5. d3 d6 6. c3 Be7 7. h3 O-O 8. O-O b5
9. Bb3 Na5 10. Bc2 c5 11. Nbd2 Bd7 12. Re1 h6 13. Nf1 Re8 14. Ng3 Bf8 15. Nh2
g6 16. Be3 Bg7 17. Qe2 Qc7 18. Ng4 Nxg4 19. hxg4 Nc6 20. f3 Be6 21. Kf2 h5 22.
gxh5 f5 23. exf5 gxf5 24. Bg5 Qf7 25. Rh1 Kh7 26. Qd2 d5 27. h6 Bh8 28. Nh5 e4
29. Ng7 Rf8 30. Qf4 Qd7 31. Rad1 Rac8 32. dxe4 fxe4 33. Bxe4+ dxe4 34. Rxd7
Rxf4 35. Nxe6+ Kg6 36. Bxf4 Kf5 37. Rd6 exf3 38. g3 Bf6 39. Nxc5 Ne5 40. Rh5+
Kg6 41. Rxe5 1-0

[Event "III Open Hotel Petra FIDE"]
[Site "Roma ITA"]
[Date "2005.03.15"]
[Round "2"]
[White "Vannelli, Vittorio"]
[Black "Marta, Daniele"]
[Result "1/2-1/2"]
[WhiteElo "1954"]
[BlackElo "2045"]
[PlyCount "47"]
[EventDate "2005.03.14"]

1. d4 Nf6 2. c4 e6 3. Nf3 b6 4. a3 d5 5. cxd5 exd5 6. Ne5 Bb7 7. e3 Be7 8. Bb5+
c6 9. Bd3 O-O 10. Nc3 c5 11. O-O Nc6 12. Qc2 cxd4 13. Nxc6 Bxc6 14. exd4 Rc8
15. Bf4 h6 16. Rfe1 Nh5 17. Be5 Bf6 18. Qe2 Bxe5 19. Qxe5 Qg5 20. Qxg5 hxg5 21.
Re7 a5 22. g3 Nf6 23. Rae1 Rfe8 24. Kf1 1/2-1/2

[Event "III Open Hotel Petra FIDE"]
[Site "Roma ITA"]
[Date "2005.03.16"]
[Round "3"]
[White "Barletta, Antonio"]
[Black "Renzi, Marco"]
[Result "0-1"]
[WhiteElo "2081"]
[BlackElo "2009"]
[PlyCount "140"]
[EventDate "2005.03.14"]

1. e4 e5 2. Nf3 Nc6 3. Bb5 d6 4. d4 Bd7 5. Nc3 Nf6 6. O-O Be7 7. Re1 O-O 8.
Bxc6 Bxc6 9. dxe5 dxe5 10. Qxd8 Raxd8 11. Nxe5 Bxe4 12. Nxe4 Nxe4 13. Nd3 f5
14. f3 Bc5+ 15. Nxc5 Nxc5 16. Bg5 Rd5 17. c4 Rd7 18. Be7 Nd3 19. Bxf8 Nxe1 20.
Rxe1 Kxf8 21. Re2 Kf7 22. Kf2 Kf6 23. b3 a5 24. f4 a4 25. Ke3 h6 26. bxa4 g5
27. fxg5+ hxg5 28. Rb2 b6 29. c5 f4+ 30. Ke2 bxc5 31. Rb5 Rd5 32. a5 g4 33. a6
Rd6 34. Ra5 Rd8 35. Rxc5 Rb8 36. a4 Rb6 37. Ra5 Rb2+ 38. Kd3 Rb3+ 39. Ke4 Rb4+
40. Kd3 Rb3+ 41. Ke2 Rb8 42. a7 Ra8 43. Kd3 Ke6 44. Ke4 f3 45. Ra6+ Kd7 46.
gxf3 gxf3 47. Kxf3 Kc8 48. Ra5 Kb7 49. Rb5+ Kc6 50. Ra5 Kb6 51. Rb5+ Kc6 52. h4
Rxa7 53. Rb4 Kd5 54. h5 c5 55. Rh4 c4 56. h6 Rh7 57. Ke3 Kc5 58. a5 Kb5 59.
Rh5+ Kb4 60. Kd2 Kb3 61. Kc1 c3 62. a6 Ra7 63. Rh3 Rxa6 64. Kd1 Ra1+ 65. Ke2
Ra8 66. h7 Rh8 67. Kd1 Kb2 68. Rh2+ Kb1 69. Rh1 c2+ 70. Kd2+ Kb2 0-1

[Event "III Open Hotel Petra FIDE"]
[Site "Roma ITA"]
[Date "2005.03.16"]
[Round "3"]
[White "Luzi, Alessandro"]
[Black "Vannelli, Vittorio"]
[Result "1-0"]
[WhiteElo "1948"]
[BlackElo "1954"]
[PlyCount "73"]
[EventDate "2005.03.14"]

1. e4 c5 2. Nf3 d6 3. d4 cxd4 4. Nxd4 Nf6 5. Nc3 Nc6 6. Be2 e6 7. Be3 Be7 8.
O-O Bd7 9. f4 e5 10. fxe5 dxe5 11. Nxc6 Bxc6 12. Bd3 Qa5 13. Qf3 Bc5 14. Bxc5
Qxc5+ 15. Kh1 O-O-O 16. Ne2 h5 17. h3 h4 18. a3 Rdf8 19. b4 Qe7 20. Qe3 b6 21.
b5 Bb7 22. a4 Nd7 23. a5 Qc5 24. Qg5 f6 25. Qf5 g6 26. Qxg6 Rhg8 27. Qf5 Rg5
28. Qf2 Rfg8 29. Qxh4 Rxg2 30. a6 Ba8 31. Rg1 Rxg1+ 32. Rxg1 Rxg1+ 33. Nxg1 Qf8
34. Kh2 f5 35. exf5 Qg8 36. Qc4+ Qxc4 37. Bxc4 1-0

[Event "III Open Hotel Petra FIDE"]
[Site "Roma ITA"]
[Date "2005.03.16"]
[Round "3"]
[White "Marta, Daniele"]
[Black "De Carolis, Maurizio"]
[Result "1/2-1/2"]
[WhiteElo "2045"]
[BlackElo "1868"]
[PlyCount "95"]
[EventDate "2005.03.14"]

1. d4 e6 2. e4 c5 3. d5 exd5 4. exd5 d6 5. Nf3 Nf6 6. Bb5+ Nbd7 7. c4 Be7 8.
O-O O-O 9. Nc3 a6 10. Ba4 Nb6 11. Bb3 Bg4 12. h3 Bf5 13. Re1 Re8 14. Bf4 h6 15.
Nd2 Bf8 16. Rxe8 Qxe8 17. Bc2 Qd7 18. Bxf5 Qxf5 19. Qf3 Re8 20. Rc1 Nbd7 21.
Bh2 Qg5 22. Qd1 Qf5 23. Nf3 Ne4 24. Qc2 Ndf6 25. Re1 Qg6 26. Nxe4 Rxe4 27. Rxe4
Qxe4 28. Qxe4 Nxe4 29. a4 a5 30. Bf4 g5 31. Be3 f5 32. Nd2 Nxd2 33. Bxd2 b6 34.
f4 Be7 35. fxg5 hxg5 36. Kf2 Kf7 37. Kf3 Kg6 38. Be1 Kf7 39. b3 Kg6 40. g4 Bf6
41. Bg3 Be7 42. Bf2 Bf6 43. Bg3 Be7 44. Bh2 Bf8 45. Bg1 Be7 46. Bf2 Bf6 47. Be1
Be7 48. Bg3 1/2-1/2

[Event "III Open Hotel Petra FIDE"]
[Site "Roma ITA"]
[Date "2005.03.16"]
[Round "3"]
[White "Marzano, Carlo"]
[Black "Ramondino, Renzo"]
[Result "0-1"]
[WhiteElo "2198"]
[BlackElo "2220"]
[PlyCount "130"]
[EventDate "2005.03.14"]

1. d4 Nf6 2. Nf3 g6 3. c4 Bg7 4. Nc3 O-O 5. e4 d6 6. Be2 e5 7. d5 a5 8. Bg5 h6
9. Bh4 Na6 10. Nd2 Qe8 11. a3 Bd7 12. b3 Nh7 13. O-O h5 14. f3 Bh6 15. Ra2 Be3+
16. Kh1 Kg7 17. Qb1 g5 18. Bf2 Bxf2 19. Rxf2 h4 20. b4 Qb8 21. Rb2 Qa7 22. Rf1
Nf6 23. Rc1 Nh5 24. c5 axb4 25. axb4 dxc5 26. b5 Nb4 27. Nc4 Rh8 28. Rb3 f6 29.
Ra3 Qb8 30. Qb2 Rxa3 31. Qxa3 Bxb5 32. Qa5 Ng3+ 33. Kg1 Nxe2+ 34. Nxe2 Bxc4 35.
Rxc4 b6 36. Qb5 Qe8 37. Qxe8 Rxe8 38. Nc3 Ra8 39. Nb5 Ra1+ 40. Kf2 Na6 41. Rc2
Kf7 42. Rd2 Ke7 43. d6+ cxd6 44. Rxd6 Nc7 45. Rxb6 Nxb5 46. Rxb5 Ra2+ 47. Kf1
c4 48. Rc5 Rc2 49. h3 c3 50. Kg1 Rc1+ 51. Kh2 c2 52. Rc7+ Kd6 53. Rc8 f5 54.
Rc3 fxe4 55. fxe4 g4 56. hxg4 Ke6 57. Rc6+ Kf7 58. g5 Kg7 59. Rc7+ Kg6 60. Rc5
Kh5 61. g6 Kxg6 62. Rc6+ Kg5 63. Rc3 Kf4 64. g3+ hxg3+ 65. Kg2 Kxe4 0-1

[Event "III Open Hotel Petra FIDE"]
[Site "Roma ITA"]
[Date "2005.03.16"]
[Round "3"]
[White "Rossi, Aldo A."]
[Black "Trebeschi, Andrea"]
[Result "1-0"]
[WhiteElo "2127"]
[BlackElo "2102"]
[PlyCount "55"]
[EventDate "2005.03.14"]

1. d4 d6 2. Bg5 g6 3. Nf3 Bg7 4. c3 Nf6 5. Nbd2 O-O 6. e3 c5 7. Be2 Nc6 8. Bxf6
Bxf6 9. Ne4 Qb6 10. Nxf6+ exf6 11. Qb3 Qc7 12. O-O Be6 13. Qd1 Bd7 14. Re1 a6
15. a3 b5 16. b4 c4 17. Nd2 a5 18. Qc2 f5 19. Bf3 Ra7 20. Reb1 Rfa8 21. Nxc4
axb4 22. cxb4 bxc4 23. b5 Rxa3 24. Rxa3 Rxa3 25. bxc6 Bc8 26. Qxc4 Qa5 27. h3
Ba6 28. Qb4 1-0

[Event "III Open Hotel Petra FIDE"]
[Site "Roma ITA"]
[Date "2005.03.17"]
[Round "4"]
[White "De Carolis, Maurizio"]
[Black "Luzi, Alessandro"]
[Result "1/2-1/2"]
[WhiteElo "1868"]
[BlackElo "1948"]
[PlyCount "82"]
[EventDate "2005.03.14"]

1. d4 Nf6 2. c4 g6 3. Nc3 Bg7 4. e4 d6 5. f3 O-O 6. Be3 e5 7. d5 a5 8. a4 Na6
9. Nge2 Ne8 10. Nc1 f5 11. Be2 f4 12. Bf2 b6 13. Nd3 Nf6 14. Qd2 g5 15. Nb5 g4
16. b4 Nxb4 17. Nxb4 axb4 18. Qxb4 Kh8 19. Kd2 Bh6 20. a5 Nxe4+ 21. fxe4 f3+
22. Be3 Bxe3+ 23. Kxe3 Qg5+ 24. Kd3 fxe2 25. Kxe2 g3 26. h3 Rf2+ 27. Kd3 Rxg2
28. Nxc7 Rxa5 29. Rxa5 bxa5 30. Qxa5 Rf2 31. Ne6 Bxe6 32. dxe6 g2 33. Qa8+ Qg8
34. Qxg8+ Kxg8 35. Rg1 Rf3+ 36. Kd2 Rxh3 37. Rxg2+ Kf8 38. Rg1 Ke7 39. Rc1 Kxe6
40. Ke2 Kd7 41. c5 dxc5 1/2-1/2

[Event "III Open Hotel Petra FIDE"]
[Site "Roma ITA"]
[Date "2005.03.17"]
[Round "4"]
[White "Ramondino, Renzo"]
[Black "Renzi, Marco"]
[Result "1-0"]
[WhiteElo "2220"]
[BlackElo "2009"]
[PlyCount "113"]
[EventDate "2005.03.14"]

1. e4 e5 2. Nf3 Nc6 3. Bb5 d6 4. O-O Be7 5. c3 Nf6 6. Re1 Bg4 7. h3 Bh5 8. d4
O-O 9. d5 Nb8 10. Bd3 Nbd7 11. c4 h6 12. Nc3 Nh7 13. g4 Bg6 14. Kh2 h5 15. Rg1
Ng5 16. Nxg5 Bxg5 17. gxh5 Bxc1 18. Rxc1 Bh7 19. Qg4 Qf6 20. Rcf1 Nc5 21. Bc2
Qf4+ 22. Qxf4 exf4 23. h6 g6 24. Rg4 Rfe8 25. Rxf4 Re5 26. b4 Nd7 27. Nb5 a6
28. Nd4 Rh5 29. Rf3 Rxh6 30. Rc3 a5 31. Ra3 Nb6 32. Bd3 axb4 33. Rxa8+ Nxa8 34.
Rb1 Rh5 35. Rxb4 Nb6 36. Nb5 Na8 37. Ra4 Nb6 38. Ra7 Nd7 39. Rxb7 Nc5 40. Rb8+
Kg7 41. Bc2 g5 42. f3 Nd7 43. Re8 Kf6 44. a4 Ne5 45. Rxe5 Kxe5 46. a5 f5 47.
exf5 Bxf5 48. Bxf5 Kxf5 49. a6 Kf4 50. a7 Rh8 51. Nxc7 Rc8 52. a8=Q Rxc7 53.
Qc6 Ra7 54. Qxd6+ Kxf3 55. Qf6+ Ke4 56. Qxg5 Ra5 57. Qd2 1-0

[Event "III Open Hotel Petra FIDE"]
[Site "Roma ITA"]
[Date "2005.03.17"]
[Round "4"]
[White "Trebeschi, Andrea"]
[Black "Marta, Daniele"]
[Result "1/2-1/2"]
[WhiteElo "2102"]
[BlackElo "2045"]
[PlyCount "22"]
[EventDate "2005.03.14"]

1. e4 e6 2. d3 d5 3. Nd2 Nf6 4. Ngf3 c5 5. g3 Nc6 6. Bg2 Be7 7. O-O dxe4 8.
dxe4 O-O 9. c3 b5 10. a4 b4 11. Qc2 Ba6 1/2-1/2

[Event "III Open Hotel Petra FIDE"]
[Site "Roma ITA"]
[Date "2005.03.17"]
[Round "4"]
[White "Vannelli, Vittorio"]
[Black "Barletta, Antonio"]
[Result "0-1"]
[WhiteElo "1954"]
[BlackElo "2081"]
[PlyCount "62"]
[EventDate "2005.03.14"]

1. e4 c5 2. Nf3 Nc6 3. d4 cxd4 4. Nxd4 e5 5. Nb5 d6 6. N1c3 Nf6 7. Bg5 a6 8.
Bxf6 gxf6 9. Na3 f5 10. exf5 Bxf5 11. Nd5 Bg7 12. Nc4 Nd4 13. Nce3 Be6 14. c3
O-O 15. Qd2 f5 16. Bc4 b5 17. Bb3 Nxb3 18. axb3 f4 19. Nc2 a5 20. O-O f3 21.
Nce3 fxg2 22. Rfd1 Ra7 23. Qe2 Raf7 24. Rd2 e4 25. Ng4 Qh4 26. Qxe4 Qxg4 27.
Qxg4 Bxg4 28. Kxg2 Bf3+ 29. Kg1 Be5 30. Rxa5 Rg7+ 31. Kf1 Bxh2 0-1